THE LIFE OF MUHAMMAD PBUH (Record no. 567938)

000 -LEADER
fixed length control field 00338nam a22001217a 4500
082 ## - DEWEY DECIMAL CLASSIFICATION NUMBER
Classification number 297.63 HAK'L
100 ## - MAIN ENTRY--PERSONAL NAME
Personal name HAKEEM, F. R AL HAJ
9 (RLIN) 57666
245 ## - TITLE STATEMENT
Title THE LIFE OF MUHAMMAD PBUH
260 ## - PUBLICATION, DISTRIBUTION, ETC.
Place of publication, distribution, etc. LONDON
Name of publisher, distributor, etc. OXFORD UNIVERSITY PRESS
Date of publication, distribution, etc. 1948
300 ## - PHYSICAL DESCRIPTION
Extent 48P
650 ## - SUBJECT ADDED ENTRY--TOPICAL TERM
Topical term or geographic name entry element ISLAM-BIOGRAPHY-PROPHET MUHAMMAD PEACE BE UPON HIM
9 (RLIN) 15262
942 ## - ADDED ENTRY ELEMENTS (KOHA)
Koha item type Book
Holdings
Withdrawn status Lost status Damaged status Not for loan Permanent Location Current Location Shelving location Date acquired Total Checkouts Full call number Barcode Date last seen Price effective from Koha item type
        College of Electrical & Mechanical Engineering (CEME) College of Electrical & Mechanical Engineering (CEME) General Stacks 07/13/2017   297.63 HAK'L CEME-3824 06/28/2021 06/28/2021 Book
© 2023 Central Library, National University of Sciences and Technology. All Rights Reserved.